00807nam a22002057a 450000500170000001000150001702000260003203500140005803700130007208200150008510000220010024501150012226000420023727000800027930000220035950400440038194200290042599900190045495201280047320180423125908.0 aENG-122773 a9789352805563c895.00 aEN-106305 bDBAD/PUB00a331.881164 aFish, Jennifer N.10aDomestic workers of the world unite! : cby Jennifer N. Fishba global movement for dignity and human rights / a New Delhi bSAGE Publications,c2018 aB1/I-1 Mohan Cooperative Industrial Area, Mathura Roadb New Delhi e110044 a290p.c23 cm.(Hb) aIt include note, references and index. 2ddccENh331.881164mFIS c151673d151673 001040718NFICaDBADbZLSd2018-04-23eDBAD/PUBg895.00l0o331.881164 FISpEN-106305r2018-04-23 00:00:00t1v895.00yEN